<?xml version="1.0" encoding="UTF-8"?>
<record
    xmlns:xsi="http://www.w3.org/2001/XMLSchema-instance"
    xsi:schemaLocation="http://www.loc.gov/MARC21/slim http://www.loc.gov/standards/marcxml/schema/MARC21slim.xsd"
    xmlns="http://www.loc.gov/MARC21/slim">

  <leader>01269nam0a2200337   4500</leader>
  <controlfield tag="001">RU\NLR\BIBL_A\011742890</controlfield>
  <controlfield tag="005">20180823152948.0</controlfield>
  <datafield tag="010" ind1=" " ind2=" ">
    <subfield code="a">978-5-353-08849-3</subfield>
  </datafield>
  <datafield tag="021" ind1=" " ind2=" ">
    <subfield code="a">RU</subfield>
    <subfield code="b">&#x41A;&#x41D;-&#x41F;-18-040484</subfield>
    <subfield code="9">&#x41A;&#x41D;-&#x41F;-18-2917</subfield>
  </datafield>
  <datafield tag="035" ind1=" " ind2=" ">
    <subfield code="a">(NLR Aleph) 011742890</subfield>
  </datafield>
  <datafield tag="035" ind1=" " ind2=" ">
    <subfield code="a">(RuMoRGB)009650182</subfield>
  </datafield>
  <datafield tag="090" ind1=" " ind2=" ">
    <subfield code="a">11586748</subfield>
    <subfield code="c">11586748</subfield>
  </datafield>
  <datafield tag="100" ind1=" " ind2=" ">
    <subfield code="a">20180704d2018    u  y0rusy50      ca</subfield>
  </datafield>
  <datafield tag="101" ind1="0" ind2=" ">
    <subfield code="a">rus</subfield>
  </datafield>
  <datafield tag="102" ind1=" " ind2=" ">
    <subfield code="a">RU</subfield>
  </datafield>
  <datafield tag="105" ind1=" " ind2=" ">
    <subfield code="a">a   z   000ay</subfield>
  </datafield>
  <datafield tag="200" ind1="1" ind2=" ">
    <subfield code="a">&#x422;&#x440;&#x438; &#x43C;&#x435;&#x434;&#x432;&#x435;&#x434;&#x44F;</subfield>
    <subfield code="e">[&#x43F;&#x43E; &#x43C;&#x43E;&#x442;&#x438;&#x432;&#x430;&#x43C; &#x441;&#x43A;&#x430;&#x437;&#x43A;&#x438; &#x41B;. &#x41D;. &#x422;&#x43E;&#x43B;&#x441;&#x442;&#x43E;&#x433;&#x43E;</subfield>
    <subfield code="e">&#x434;&#x43B;&#x44F; &#x434;&#x435;&#x442;&#x435;&#x439; &#x434;&#x43E; 3 &#x43B;&#x435;&#x442;</subfield>
    <subfield code="f">&#x445;&#x443;&#x434;&#x43E;&#x436;&#x43D;&#x438;&#x43A;: &#x415;. &#x415;. &#x417;&#x434;&#x43E;&#x440;&#x43D;&#x43E;&#x432;&#x430;]</subfield>
  </datafield>
  <datafield tag="210" ind1=" " ind2=" ">
    <subfield code="a">&#x41C;&#x43E;&#x441;&#x43A;&#x432;&#x430;</subfield>
    <subfield code="c">&#x420;&#x41E;&#x421;&#x41C;&#x42D;&#x41D;</subfield>
    <subfield code="d">2018</subfield>
  </datafield>
  <datafield tag="215" ind1=" " ind2=" ">
    <subfield code="a">1 &#x43B;., &#x441;&#x43B;&#x43E;&#x436;. &#x432; [12] &#x441;.</subfield>
    <subfield code="c">&#x446;&#x432;. &#x438;&#x43B;.</subfield>
    <subfield code="d">23</subfield>
  </datafield>
  <datafield tag="225" ind1="1" ind2=" ">
    <subfield code="a">&#x421;&#x435;&#x440;&#x438;&#x44F; "&#x420;&#x430;&#x441;&#x43A;&#x43B;&#x430;&#x434;&#x43D;&#x44B;&#x435; &#x43A;&#x43D;&#x438;&#x436;&#x43A;&#x438;"</subfield>
  </datafield>
  <datafield tag="309" ind1=" " ind2=" ">
    <subfield code="a">&#x41A;&#x43D;.-&#x440;&#x430;&#x441;&#x43A;&#x43B;&#x430;&#x434;&#x443;&#x448;&#x43A;&#x430;</subfield>
  </datafield>
  <datafield tag="333" ind1=" " ind2=" ">
    <subfield code="a">0+</subfield>
  </datafield>
  <datafield tag="686" ind1="0" ind2=" ">
    <subfield code="a">&#x428;9(2)60=&#x420;7-8</subfield>
  </datafield>
  <datafield tag="702" ind1=" " ind2="1">
    <subfield code="a">&#x417;&#x434;&#x43E;&#x440;&#x43D;&#x43E;&#x432;&#x430;</subfield>
    <subfield code="b">&#x415;. &#x415;.</subfield>
    <subfield code="c">&#x445;&#x443;&#x434;&#x43E;&#x436;&#x43D;&#x438;&#x43A;</subfield>
    <subfield code="g">&#x415;&#x43A;&#x430;&#x442;&#x435;&#x440;&#x438;&#x43D;&#x430; &#x415;&#x432;&#x433;&#x435;&#x43D;&#x44C;&#x435;&#x432;&#x43D;&#x430;</subfield>
    <subfield code="3">RU\NLR\AUTH\7750096</subfield>
    <subfield code="4">040</subfield>
  </datafield>
  <datafield tag="702" ind1=" " ind2="1">
    <subfield code="a">&#x422;&#x43E;&#x43B;&#x441;&#x442;&#x43E;&#x439;</subfield>
    <subfield code="b">&#x41B;. &#x41D;.</subfield>
    <subfield code="f">1828-1910</subfield>
    <subfield code="g">&#x41B;&#x435;&#x432; &#x41D;&#x438;&#x43A;&#x43E;&#x43B;&#x430;&#x435;&#x432;&#x438;&#x447;</subfield>
    <subfield code="3">RU\NLR\AUTH\771515</subfield>
    <subfield code="4">570</subfield>
  </datafield>
  <datafield tag="942" ind1=" " ind2=" ">
    <subfield code="c">BOOK</subfield>
  </datafield>
  <datafield tag="980" ind1=" " ind2=" ">
    <subfield code="a">NBR</subfield>
  </datafield>
  <datafield tag="980" ind1=" " ind2=" ">
    <subfield code="a">NB</subfield>
  </datafield>
</record>
